Introducción a la ética griega
Enregistré dans:
| Auteur principal: | |
|---|---|
| Format: | Inconnue |
| Langue: | Spanish |
| Publié: |
Distrito Federal, México
Fondo de Cultura Económica
1993
|
| Sujets: | |
| Tags: |
Ajouter un tag
Pas de tags, Soyez le premier à ajouter un tag!
|
MARC
| LEADER | 00000 a2200000 4500 | ||
|---|---|---|---|
| 008 | 190613b ||||| |||| 00| 0 spa d | ||
| 020 | |a 968-16-0340-0 | ||
| 040 | |a cru BVZT | ||
| 090 | |a 100 R-41.2i | ||
| 100 | |a Rowe, Christopher |9 2400 | ||
| 245 | |a Introducción a la ética griega |c Christopher Rowe; Francisco González Aramburo, traductor | ||
| 260 | |a Distrito Federal, México |b Fondo de Cultura Económica |c 1993 | ||
| 300 | |a 237 páginas | ||
| 650 | 0 | |9 5 |a FILOSOFÍA | |
| 650 | 0 | |9 275 |a ÉTICA GRIEGA | |
| 942 | |c LIB |h 100 R-41.2i |2 z |6 100_R412I | ||
| 999 | |c 30723 |d 30723 | ||



